Medagliere Tennistavolo ai Giochi Olimpici - Statistics

Statistiche generali
  • Questo quiz è stato fatto 26 volte
  • Il punteggio medio è 7 su 12
Statistiche sulle risposte
Medaglie complessive Medaglie d'Oro Medaglie d'Argento Medaglie di Bronzo Rappresentativa olimpica % Corretto
60 32 20 8 Cina
100%
8 1 3 4 Giappone
90%
18 3 3 12 Corea del Sud
85%
2 0 1 1 Francia
85%
9 0 4 5 Germania
85%
4 0 1 3 Corea del Nord
70%
3 1 1 1 Svezia
55%
3 0 1 2 Taipei Cinese
50%
1 0 0 1 Danimarca
40%
3 0 1 2 Singapore
35%
2 0 1 1 Jugoslavia
30%
2 0 1 1 Hong Kong
15%
Nessun quiz corrispondente trovato
Distribuzione punteggi
Percentuale di utenti per punteggio
Percentile per numero di risposta
I tuoi punteggi nel tempo
Non hai fatto questo quiz